Reinforced concrete (Record no. 39592)

000 -LEADER
fixed length control field 00495nam a2200193 4500
001 - CONTROL NUMBER
control field 39592
003 - CONTROL NUMBER IDENTIFIER
control field BD-DhUET
008 - FIXED-LENGTH DATA ELEMENTS--GENERAL INFORMATION
fixed length control field 161031b xxu||||| |||| 00| 0 eng d
040 ## - CATALOGING SOURCE
Transcribing agency 0
Modifying agency BD-DhUET
082 ## - DEWEY DECIMAL CLASSIFICATION NUMBER
Classification number 624.183
Item number WIG/2016
100 ## - MAIN ENTRY--PERSONAL NAME
Personal name Wight , James K.
245 ## - TITLE STATEMENT
Title Reinforced concrete
Remainder of title mechanics and design
250 ## - EDITION STATEMENT
Edition statement 7th ed.
260 ## - PUBLICATION, DISTRIBUTION, ETC. (IMPRINT)
Place of publication, distribution, etc. New York
Name of publisher, distributor, etc. Pearson education
Date of publication, distribution, etc. 2016
300 ## - PHYSICAL DESCRIPTION
Extent 1164 p.
504 ## - BIBLIOGRAPHY, ETC. NOTE
Bibliography, etc Includes bibliographies
650 #0 - SUBJECT ADDED ENTRY--TOPICAL TERM
Topical term or geographic name as entry element Reinforced concrete
942 ## - ADDED ENTRY ELEMENTS (KOHA)
Koha item type General Book
Holdings
Shelving location Koha full call number Koha date last seen Location (home branch) Koha out on loan Date acquired Price effective from Koha date last borrowed Damaged status Not for loan Sublocation or collection (holding branch) Withdrawn status Piece designation (barcode) Copy number Lost status Koha item type Koha issues (times borrowed) Koha normalized classification for sorting Source of classification or shelving scheme
Circulation section624.183/WIG/20162021-01-27Central Library, BUET2022-01-272016-10-312016-10-312021-01-27  Central Library, BUET 1148781 General Book3624_183000000000000_WIG_2016 
Circulation section624.183/WIG/20162023-05-07Central Library, BUET 2016-10-312016-10-312023-04-12  Central Library, BUET 1148792 General Book6624_183000000000000_WIG_2016